| 000 | 00885nam a2200277 a 4500 | ||
|---|---|---|---|
| 001 | 26341 | ||
| 003 | CO-ViMGA | ||
| 005 | 20230915223420.0 | ||
| 008 | 141112s2004 ck r 000 u spa d | ||
| 020 | _a9789681658021 | ||
| 035 | _aAHF6808 LA | ||
| 040 |
_aCO-ViMGA _bspa _cCO-ViMGA |
||
| 041 | _aspa fre | ||
| 043 | _ae - fr - - - | ||
| 090 | _aC HEIy | ||
| 100 | 1 | _aHeitz, Bruno, 1957 - | |
| 245 | 1 | 0 |
_aYoyo el mago / _cBruno Heitz ; ilustraciones de Manuel Monroy ; traducción de Diana Luz Sánchez. |
| 260 |
_aMéxico : _bFondo de Cultura Económica, _c1998. |
||
| 300 | _a31 p. : il. ; 19 cm. | ||
| 490 | 0 | _aA la orilla del viento. Para los que están aprendiendo a leer ; 110 | |
| 650 | 1 | 4 |
_aCuentos infantiles franceses. _92812 |
| 700 | 1 | _aMonroy, Manuel, 1970 - , il. | |
| 942 |
_2ddc _cBK |
||
| 949 | _an n | ||
| 999 |
_c9884 _d9884 |
||